[Event "Top 12 FRA-chT 2017"]
[Site "Chartres"]
[Date "2017.05.27"]
[Round "10"]
[White "Bellahcene, Bilel"]
[Black "Shoker, Samy"]
[Result "0-1"]
[WhiteElo "2452"]
[BlackElo "2498"]
[Annotator "TA"]
[PlyCount "58"]
[EventDate "2017.??.??"]
[EventType "team-tourn"]
[EventCountry "FRA"]
[SourceTitle "playchess.com"]
[Source "ChessBase"]
[SourceQuality "1"]
[WhiteTeam "Tremblay-En-France"]
[BlackTeam "Bois-Colombes"]

{[%evp 9,58,32,49,29,23,17,23,27,38,46,67,43,47,56,46,31,45,20,28,0,0,0,0,0,0,0,16,0,0,0,58,46,50,20,10,30,17,-18,0,-193,-181,-305,-288,-292,-290,-314,-313,-392,-392,-379,-326]} 1. e4 g6 2. d4 Bg7 3. Nc3 d6 4. Be3 a6 5. h4 h5 6. Qd2 {B06: Modern Defence} b5 7. f3 Nf6 8. O-O-O {White has an edge.} c6 9. Kb1 Qc7 10. e5 (10. Bf4 b4 11. Na4 a5 12. Bc4 Ba6 13. Bb3 Nbd7 14. Nh3 {1-0 (38) Leko,P (2693)-Saric,I (2652) Tallinn 2016}) 10... dxe5 11. dxe5 Nd5 $1 12. Nxd5 cxd5 13. f4 Bf5 14. Nf3 (14. Bd3 $5 {[%cal Rd3f5]}) 14... Nc6 15. Bd3 {Threatens to win with Bxf5.} Bg4 $146 ({Predecessor:} 15... Bxd3 16. cxd3 {0-1 (39) Jussupow,N (2080)-Basener,W (2078) Bad Woerishofen 2006}) 16. Qf2 Rc8 17. Rc1 Qd7 18. Nh2 Bf5 19. Rhd1 f6 ({Black should try} 19... O-O $11) 20. exf6 $1 $14 Bxf6 21. Qf3 Nb4 22. Bxf5 $1 Qxf5 ({Wrong is} 22... gxf5 $2 23. c3 $18) 23. Qe2 Qe4 {[#] ...d4 is the strong threat.} 24. Rd2 $2 (24. Nf3 $11) 24... d4 $40 {[%mdl 128] Black goes for the king.} 25. Bxd4 (25. Bg1 $142 Qxe2 26. Rxe2) 25... Qxe2 26. Rxe2 Bxd4 27. c3 Nd3 28. Rd1 Nxf4 29. Re4 Ba7 {Precision: White = 32%, Black = 63%.} 0-1

[Event "Top 12 FRA-chT 2017"]
[Site "Chartres"]
[Date "2017.05.27"]
[Round "10"]
[White "Flear, Glenn C"]
[Black "Van Foreest, Jorden"]
[Result "1/2-1/2"]
[WhiteElo "2439"]
[BlackElo "2595"]
[Annotator "TA"]
[PlyCount "70"]
[EventDate "2017.??.??"]
[EventType "team-tourn"]
[EventCountry "FRA"]
[SourceTitle "playchess.com"]
[Source "ChessBase"]
[SourceQuality "1"]
[WhiteTeam "Montpellier"]
[BlackTeam "Clichy"]

{[%evp 15,70,27,30,0,0,0,0,-16,-15,-35,-16,-42,0,0,0,-11,4,11,8,12,26,26,16,24,25,0,0,-10,-13,-16,-15,-12,28,19,30,27,24,15,20,18,6,0,18,6,7,0,0,0,0,0,0,0,0,0,6,0,7]} 1. d4 d5 2. c4 c6 3. Nc3 Nf6 4. e3 Bf5 5. Nf3 e6 6. Nh4 Be4 7. f3 Bg6 8. Qb3 Qc7 9. Kf2 {D12: Slav Defence: 3 Nf3 Nf6 4 e3 Bf5} (9. Bd2 a6 10. Rc1 dxc4 11. Bxc4 Nbd7 12. a4 Be7 13. g3 Bh5 14. O-O O-O 15. Ng2 Rad8 16. Nf4 Kh8 {½-½ (34) So,W (2822)-Caruana,F (2817) chess.com INT 2017}) 9... Be7 10. Nxg6 hxg6 11. g3 a6 12. Bd2 dxc4 13. Bxc4 b5 14. Be2 Nbd7 15. Rac1 Qa7 $146 16. Kg2 c5 17. dxc5 Bxc5 18. Rc2 O-O 19. Rhc1 Rfd8 20. Nd1 Bb6 21. Qa3 e5 22. Ba5 Bxa5 23. Qxa5 Nd5 24. e4 Ne3+ 25. Nxe3 Qxe3 26. Qc3 Qxc3 {The position is equal.} 27. Rxc3 Nf8 28. Kf2 Ne6 29. Ke3 g5 30. Bd1 Nd4 31. Bb3 Nxb3 32. Rxb3 Rd6 33. Rd3 Rad8 34. Rxd6 Rxd6 35. Rc5 f6 {Precision: White = 35%, Black = 75%.} 1/2-1/2

[Event "Top 12 FRA-chT 2017"]
[Site "Chartres"]
[Date "2017.05.27"]
[Round "10"]
[White "Dionisi, Thomas"]
[Black "Shirazi, Kamran"]
[Result "1-0"]
[WhiteElo "2392"]
[BlackElo "2367"]
[Annotator "NA"]
[PlyCount "113"]
[EventDate "2017.??.??"]
[EventType "team-tourn"]
[EventCountry "FRA"]
[SourceTitle "playchess.com"]
[Source "ChessBase"]
[SourceQuality "1"]
[WhiteTeam "Bois-Colombes"]
[BlackTeam "Tremblay-En-France"]
[TimeControl "40/5400+30:1800+30"]

1. e4 {[%emt 0:00:00]} c5 {[%emt 0:00:37]} 2. Nf3 {[%emt 0:00:00]} a6 {[%emt 0:01:08]} 3. c3 {[%emt 0:00:00]} e6 {[%emt 0:00:27]} 4. d4 {[%emt 0:00:16]} d5 {[%emt 0:00:41]} 5. e5 {[%emt 0:01:01]} Bd7 {[%emt 0:00:41]} 6. Be3 {[%emt 0:08:06]} cxd4 {[%emt 0:03:59]} 7. cxd4 {[%emt 0:00:44]} f6 {[%emt 0:02:09]} 8. Nc3 {[%emt 0:06:15]} Nc6 {[%emt 0:00:24]} 9. Bd3 {[%emt 0:00:55]} Nh6 {[%emt 0:07:27]} 10. O-O {[%emt 0:07:06]} Nf7 {[%emt 0:01:54]} 11. Re1 {[%emt 0:02:09]} Be7 {[%emt 0:05:27]} 12. Bf4 {[%emt 0:06:33]} fxe5 {[%emt 0:22:34]} 13. Nxe5 {[%emt 0:10:06]} Ncxe5 {[%emt 0:01:30]} 14. dxe5 {[%emt 0:02:29]} g5 {[%emt 0:11:51]} 15. Be3 {[%emt 0:16:09]} Bc6 {[%emt 0:01:11]} 16. Bd4 {[%emt 0:00:22]} h5 {[%emt 0:06:30]} 17. Bg6 {[%emt 0:04:50]} g4 {[%emt 0:00:13]} 18. f4 {[%emt 0:00:42]} Rh6 {[%emt 0:00:37]} 19. Qd3 {[%emt 0:01:14]} Qd7 {[%emt 0:02:05]} 20. f5 {[%emt 0:02:09]} Rxg6 {[%emt 0:05:31]} 21. fxg6 {[%emt 0:00:05]} Ng5 {[%emt 0:00:08]} 22. Rf1 {[%emt 0:09:30]} O-O-O {[%emt 0:00:31]} 23. g7 {[%emt 0:01:20]} Rg8 {[%emt 0:00:40]} 24. Qg6 {[%emt 0:01:36]} Qe8 {[%emt 0:05:42]} 25. Qh6 {[%emt 0:01:13]} Kd7 {[%emt 0:01:20]} 26. Rf4 {[%emt 0:02:58]} Nf7 {[%emt 0:00:25]} 27. Qxh5 {[%emt 0:01:14]} Rxg7 {[%emt 0:00:02]} 28. Rxg4 {[%emt 0:06:48]} Rxg4 {[%emt 0:02:04]} 29. Qxg4 {[%emt 0:00:03]} Nh6 {[%emt 0:00:11]} 30. Qf4 {[%emt 0:02:35]} Qg6 {[%emt 0:00:18]} 31. Ne2 {[%emt 0:01:38]} Bg5 {[%emt 0:05:34]} 32. Qf2 {[%emt 0:02:24]} Bb5 {[%emt 0:02:03]} 33. Ng3 {[%emt 0:01:32]} Qd3 {[%emt 0:00:30]} 34. Bb6 {[%emt 0:01:10]} Ke8 {[%emt 0:00:35]} 35. Rf1 {[%emt 0:01:07]} Nf5 {[%emt 0:02:24]} 36. Nxf5 {[%emt 0:00:24]} exf5 {[%emt 0:00:02]} 37. Qxf5 {[%emt 0:01:08]} Qxf1+ {[%emt 0:02:05]} 38. Qxf1 {[%emt 0:00:03]} Bxf1 {[%emt 0:00:07]} 39. Kxf1 {[%emt 0:00:03]} Bf4 {[%emt 0:00:47]} 40. h3 {[%emt 0:01:24]} Bxe5 {[%emt 0:30:04]} 41. b3 {[%emt 0:30:07]} Kd7 {[%emt 0:05:32]} 42. Ke2 {[%emt 0:00:37]} Ke6 {[%emt 0:00:22]} 43. Ke3 {[%emt 0:00:00]} Kf5 {[%emt 0:00:00]} 44. Bd4 {[%emt 0:00:00]} Bd6 {[%emt 0:00:00]} 45. Kf3 {[%emt 0:00:00]} Kg5 {[%emt 0:00:00]} 46. g3 {[%emt 0:00:00]} b5 {[%emt 0:00:00]} 47. h4+ {[%emt 0:00:00]} Kh5 {[%emt 0:00:00]} 48. g4+ {[%emt 0:00:00]} Kg6 {[%emt 0:00:00]} 49. Be3 {[%emt 0:00:00]} Be5 {[%emt 0:00:00]} 50. Bf4 {[%emt 0:00:00]} Bc3 {[%emt 0:00:00]} 51. Ke2 {[%emt 0:00:00]} Kf6 {[%emt 0:00:00]} 52. h5 {[%emt 0:00:00]} Ke6 {[%emt 0:00:00]} 53. Kd3 {[%emt 0:00:00]} Ba5 {[%emt 0:00:00]} 54. Be3 {[%emt 0:00:00]} Bd8 {[%emt 0:00:00]} 55. g5 {[%emt 0:00:00]} Kf7 {[%emt 0:00:00]} 56. Bd2 {[%emt 0:00:00]} Ke6 {[%emt 0:00:00]} 57. g6 {[%emt 0:00:00]} 1-0

[Event "Top 12 FRA-chT 2017"]
[Site "Chartres"]
[Date "2017.05.27"]
[Round "10"]
[White "Colin, Vincent"]
[Black "Heimann, Andreas"]
[Result "0-1"]
[WhiteElo "2381"]
[BlackElo "2573"]
[Annotator "TA"]
[PlyCount "60"]
[EventDate "2017.??.??"]
[EventType "team-tourn"]
[EventCountry "FRA"]
[SourceTitle "playchess.com"]
[Source "ChessBase"]
[SourceQuality "1"]
[WhiteTeam "Lisieux"]
[BlackTeam "Mulhouse Philidor"]

{[%evp 9,60,0,0,-4,-13,-23,-6,-16,-11,-33,14,2,-8,-27,-18,-25,-10,-61,33,29,30,27,42,0,0,-25,-22,-29,-31,-19,-31,-146,-122,-122,-153,-234,-234,-312,-301,-302,-285,-320,-313,-394,-303,-305,-302,-356,-347,-493,-488,-444,-420]} 1. d4 Nf6 2. Bf4 g6 3. Nc3 d5 4. e3 Bg7 5. Nb5 (5. h4 h5 6. Be2 O-O 7. Nf3 c5 8. dxc5 Qa5 9. O-O Qxc5 10. Nb5 a6 11. Nc7 {½-½ (42) Naiditsch,A (2702)-Carlsen,M (2838) Karlsruhe 2017}) 5... Na6 6. Nf3 {A45: Trompowsky Attack} O-O 7. h4 $146 ({Predecessor:} 7. Be2 c6 8. Nc3 Nc7 9. O-O Ne6 10. Be5 b6 11. a4 a5 12. Qb1 Ba6 13. Bxa6 Rxa6 {½-½ (49) Agdestein,S (2602)-Ragger,M (2700) Norway 2017}) 7... h5 8. Ne5 {The position is equal.} c5 9. c3 cxd4 10. exd4 Nb8 11. Bd3 a6 12. Na3 Nc6 13. Qe2 (13. O-O $11) 13... Qa5 (13... Nd7 $15) 14. Nc2 $14 Ne4 15. Nxc6 bxc6 16. Bxe4 dxe4 17. Qxe4 Bf5 18. Qe2 c5 19. dxc5 Rfd8 20. O-O (20. Rd1 $15) 20... Bd3 $36 {[%mdl 2048] Keeping White busy.} ({Inferior is} 20... Qxc5 21. Be3 $14) 21. Qxe7 {[#] Hoping for Bc7.} Re8 22. Qb7 (22. Qc7 $17 Qxc7 23. Bxc7 Bxc2 24. Rfe1) 22... Bxc2 $19 23. Qb6 Qa4 24. Bg3 Re6 25. Qc7 Rae8 26. b3 Qg4 27. Rac1 Re2 28. f3 Qe6 29. Rf2 (29. Kh1 {keeps fighting.}) 29... Qe3 30. Qf4 {[#] And now Qxe3 would win.} Bh6 {Precision: White = 24%, Black = 65%.} 0-1

[Event "Top 12 FRA-chT 2017"]
[Site "Chartres"]
[Date "2017.05.27"]
[Round "10"]
[White "Burri, Quentin"]
[Black "Blanche, Paul"]
[Result "1-0"]
[WhiteElo "2378"]
[BlackElo "2081"]
[Annotator "NA"]
[PlyCount "77"]
[EventDate "2017.??.??"]
[EventType "team-tourn"]
[EventCountry "FRA"]
[SourceTitle "playchess.com"]
[Source "ChessBase"]
[SourceQuality "1"]
[WhiteTeam "Mulhouse Philidor"]
[BlackTeam "Lisieux"]
[TimeControl "40/5400+30:1800+30"]

1. e4 {[%emt 0:00:00]} c5 {[%emt 0:00:09]} 2. Nf3 {[%emt 0:00:00]} Nc6 {[%emt 0:00:13]} 3. Bb5 {[%emt 0:00:02]} e6 {[%emt 0:02:04]} 4. O-O {[%emt 0:00:57]} Nge7 {[%emt 0:01:32]} 5. Re1 {[%emt 0:01:00]} a6 {[%emt 0:01:38]} 6. Bf1 {[%emt 0:00:38]} g6 {[%emt 0:08:43]} 7. d3 {[%emt 0:09:54]} Bg7 {[%emt 0:01:56]} 8. c3 {[%emt 0:00:20]} d6 {[%emt 0:12:31]} 9. Nbd2 {[%emt 0:09:47]} O-O {[%emt 0:02:36]} 10. Nb3 {[%emt 0:01:30]} e5 {[%emt 0:12:21]} 11. Be3 {[%emt 0:09:30]} f5 {[%emt 0:10:35]} 12. Qc2 {[%emt 0:10:47]} b6 {[%emt 0:03:58]} 13. Rad1 {[%emt 0:03:19]} d5 {[%emt 0:06:12]} 14. exd5 {[%emt 0:05:21]} Nxd5 {[%emt 0:01:02]} 15. Bc1 {[%emt 0:04:32]} Bb7 {[%emt 0:03:51]} 16. a3 {[%emt 0:09:52]} Rc8 {[%emt 0:02:45]} 17. Qb1 {[%emt 0:00:39]} Kh8 {[%emt 0:03:12]} 18. Bd2 {[%emt 0:06:46]} Re8 {[%emt 0:03:08]} 19. Ng5 {[%emt 0:02:55]} Qd7 {[%emt 0:02:01]} 20. f3 {[%emt 0:02:46]} h6 {[%emt 0:01:30]} 21. Nh3 {[%emt 0:00:04]} Rcd8 {[%emt 0:07:09]} 22. Nf2 {[%emt 0:02:16]} Qf7 {[%emt 0:00:57]} 23. Qc2 {[%emt 0:01:07]} Rd7 {[%emt 0:01:23]} 24. Bc1 {[%emt 0:01:22]} Red8 {[%emt 0:01:40]} 25. a4 {[%emt 0:01:45]} a5 {[%emt 0:01:34]} 26. Nd2 {[%emt 0:00:50]} Ba6 {[%emt 0:03:11]} 27. Nc4 {[%emt 0:00:33]} Bxc4 {[%emt 0:02:53]} 28. dxc4 {[%emt 0:00:06]} Nc7 {[%emt 0:00:50]} 29. Qb3 {[%emt 0:01:03]} Rxd1 {[%emt 0:01:03]} 30. Rxd1 {[%emt 0:00:12]} Rxd1 {[%emt 0:00:03]} 31. Nxd1 {[%emt 0:00:28]} Na8 {[%emt 0:00:34]} 32. Ne3 {[%emt 0:00:19]} e4 {[%emt 0:01:14]} 33. f4 {[%emt 0:00:31]} Qb7 {[%emt 0:00:24]} 34. Nd5 {[%emt 0:00:36]} Ne7 {[%emt 0:00:59]} 35. Be3 {[%emt 0:00:41]} Nxd5 {[%emt 0:01:27]} 36. cxd5 {[%emt 0:00:05]} Qc7 {[%emt 0:00:09]} 37. Qb5 {[%emt 0:00:51]} Kh7 {[%emt 0:00:11]} 38. Qe8 {[%emt 0:00:30]} Qb7 {[%emt 0:01:06]} 39. Bc4 {[%emt 0:02:02]} 1-0

[Event "Top 12 FRA-chT 2017"]
[Site "Chartres"]
[Date "2017.05.27"]
[Round "10"]
[White "Heinz, Timothee"]
[Black "Libiszewski, Fabien"]
[Result "1/2-1/2"]
[WhiteElo "2353"]
[BlackElo "2544"]
[Annotator "TA"]
[PlyCount "63"]
[EventDate "2017.??.??"]
[EventType "team-tourn"]
[EventCountry "FRA"]
[SourceTitle "playchess.com"]
[Source "ChessBase"]
[SourceQuality "1"]
[WhiteTeam "Strasbourg"]
[BlackTeam "Grasse Echecs"]

{[%evp 16,63,18,-51,-38,-53,36,-22,-17,-29,-19,-19,-19,-24,-18,-20,-25,-25,0,0,20,0,0,0,0,0,0,0,0,-3,-9,0,0,0,0,-6,0,0,0,0,0,0,0,0,0,0,0,0,0,0]} 1. Nf3 Nf6 2. g3 g6 3. Bg2 Bg7 4. O-O O-O 5. d4 d6 6. b3 c5 7. c4 e5 {E60: King's Indian: Unusual lines and Fianchetto Variation without Nc3} (7... Nc6 8. Bb2 Ne4 9. Nbd2 Bf5 10. Nh4 Nxd2 11. Qxd2 Nxd4 12. Bxd4 Bxd4 13. Nxf5 gxf5 14. Rad1 Qd7 15. Bh3 e6 16. e3 Be5 17. f4 Bf6 18. Qxd6 Qxd6 19. Rxd6 Rfd8 20. Rfd1 Rxd6 21. Rxd6 Rd8 22. Rxd8+ Bxd8 {½-½ (22) Fridman,D (2596)-Saric,I (2652) Tallinn 2016}) 8. e3 Nc6 {[%cal Bb8c6,Bc6b4,Bb4d3][%mdl 32]} 9. Bb2 {LiveBook: 3 Games} (9. d5 $11) 9... e4 {Black is slightly better.} 10. Nfd2 Bf5 $146 (10... cxd4 $15 11. Nxe4 Nxe4 12. Bxe4 Bh3) ({Predecessor:} 10... Re8 11. d5 Ne5 12. h3 Bf5 13. Bxe5 Rxe5 {0-1 (39) Froewis,G (2402)-Moor,R (2392) Switzerland 2015}) 11. Nc3 (11. d5 $1 $14 Nb8 12. Nc3) 11... Re8 $11 12. d5 Nb4 $1 13. Ne2 Nd3 14. Bc3 Qd7 15. Qc2 h5 16. Nf4 Nxf4 17. gxf4 {The position is equal.} h4 18. Qb2 Nh5 19. Bxg7 Nxg7 20. h3 Bxh3 {[#] ( -> ...Qg4)} 21. Nxe4 {Black must now prevent Nf6+.} Nh5 {...Bxg2 is the strong threat.} 22. Nf6+ Nxf6 23. Qxf6 Qg4 {[%csl Gh3][%cal Rg4g2]} 24. Qg5 Qxg5 (24... Kg7 {is interesting.} 25. Qxg4 Bxg4 26. Kh2 a5 27. Bh3 Bf3) 25. fxg5 Bxg2 26. Kxg2 {[%mdl 4096] Endgame KRR-KRR} Re5 27. Kh3 Rxg5 28. Kxh4 Rh5+ 29. Kg3 Kg7 30. Rh1 Rah8 31. Rxh5 Rxh5 32. Rb1 {Precision: White = 63%, Black = 54%.} 1/2-1/2

[Event "Top 12 FRA-chT 2017"]
[Site "Chartres"]
[Date "2017.05.27"]
[Round "10"]
[White "Ouakhir, Pierre Mehdi"]
[Black "Hamdouchi, Hicham"]
[Result "0-1"]
[WhiteElo "2277"]
[BlackElo "2586"]
[Annotator "TA"]
[PlyCount "142"]
[EventDate "2017.??.??"]
[EventType "team-tourn"]
[EventCountry "FRA"]
[SourceTitle "playchess.com"]
[Source "ChessBase"]
[SourceQuality "1"]
[WhiteTeam "Montpellier"]
[BlackTeam "Clichy"]

{[%evp 9,142,34,39,13,18,-24,-23,-21,-7,-39,-50,-44,-33,-39,-50,-29,-6,-44,-27,-54,-35,-37,-28,-17,-1,-5,-7,0,-2,-18,-6,-1,12,7,48,0,88,-131,-127,-125,-110,-245,-238,-217,-186,-410,-410,-395,-385,-354,-347,-334,-321,-505,-217,-192,-174,-231,-241,-229,-243,-247,-232,-226,-224,-192,-157,-278,-247,-327,-243,-230,-225,-237,-174,-227,-227,-227,-225,-297,-326,-508,-517,-511,-485,-526,-509,-529,-542,-678,-669,-757,-473,-537,-537,-829,-825,-1052,-1006,-1136,-988,-1477,-1142,-1105,-1055,-981,-1018,-1257,-1146,-1897,-1811,-4462,-4462,-4133,-3347,-2174,-2161,-1789,-1877,-29980,-29980,-29979,-29973,-5081,0,-2483,-1551,-12821,-7673,-6737,-5114,-5110,-5097,-6179,-5447]} 1. d4 d6 2. c4 Nf6 3. Nc3 e5 4. Nf3 Nbd7 5. Bg5 h6 6. Bh4 {A54: Old Indian Defence with Nf3, but without e4} (6. Bxf6 Qxf6 7. e3 Qd8 8. Qc2 g6 9. dxe5 Nxe5 10. Nxe5 dxe5 11. Bd3 Bg7 12. O-O-O Bd7 13. h4 O-O {1-0 (40) Gozzoli,Y (2586)-Edouard,R (2626) chess.com INT 2017}) 6... exd4 7. Qxd4 g5 8. Bg3 {Black has an edge.} Bg7 9. O-O-O $146 ({Predecessor:} 9. Qe3+ Kf8 10. Qd2 Nc5 11. e3 Nfe4 12. Nxe4 Nxe4 13. Qc2 Nxg3 14. hxg3 Qf6 {½-½ (14) Tyrtania,M (2250)-Gaerths,R (2285) Germany 2002}) 9... O-O 10. Qd2 Nc5 {...Nfe4 is the strong threat.} 11. Qc2 Re8 12. e3 a5 13. Nd4 (13. Be5 $5) 13... a4 14. a3 h5 {White must now prevent ...h4.} 15. h4 Nfe4 16. Nxe4 Nxe4 17. Bh2 g4 $36 {[%mdl 2048] White is under pressure.} 18. Bd3 Nc5 19. Bh7+ Kh8 20. Bf4 Bd7 21. Kb1 Ra6 (21... b5 $5) 22. Bg5 Qc8 {[#]} (22... Qa8 $1 $11) 23. Ka2 $2 {[#]} (23. f3 $1 $16 {and life is bright.}) 23... b5 $1 $17 24. cxb5 Rb6 25. Bd3 (25. Bf5 $17 {was worth a try.}) 25... Nxd3 $19 ({Weaker is} 25... Bxd4 26. exd4 Nxd3 27. Qxd3 $11) 26. Rxd3 (26. Qxd3 Bxb5 27. Nxb5 Qe6+ 28. b3 Reb8 $19) 26... Qb7 27. Qxa4 $2 (27. Rc3 {is a better defense.} Bxd4 28. exd4) 27... c5 28. bxc6 Bxc6 29. Qc2 Bxg2 30. Rb1 Be4 {Threatens to win with ...Qa6.} 31. Qc3 (31. Qd1 $142) 31... Rb3 (31... Ra8 $142 32. Qc2 Kg8) 32. Qxb3 Bd5 33. Rc1 (33. Qxd5 {might work better.} Qxd5+ 34. b3) 33... Rb8 {Strongly threatening ...Bxd4.} ({Don't play} 33... Bxb3+ 34. Nxb3 Be5 35. Rc2) 34. Ka1 Bxb3 35. Rxb3 Qa8 {aiming for ...Rxb3.} 36. Rbc3 Qg2 {[%mdl 1024] Black has strong compensation.} 37. R1c2 Rb7 38. Rc8+ (38. b3 $17 {was necessary.}) 38... Kh7 39. b4 Qe4 40. Ka2 Be5 {And now ...f6 would win.} ({Resist} 40... Bxd4 41. exd4 Qxd4 42. R8c4) 41. Nb3 Qd5 42. R8c4 (42. Rd2 $142 Qe4 43. Na5) 42... Qh1 43. e4 Qe1 44. Bc1 Bf6 45. Na5 (45. Bd2 $142 Qxf2 46. Bg5) 45... Re7 46. Bb2 Bxh4 47. Bc3 Qd1 48. Rb2 {If White can now play b5 this consolidates a bit.} d5 49. exd5 Qxd5 50. a4 Ra7 {Hoping for ...Rxa5!} 51. Kb3 Qd1+ 52. Rc2 Bxf2 53. Nc6 Rc7 54. b5 g3 55. Bd4 Bxd4 56. Rxd4 Qf3+ 57. Rc3 Qf2 58. Rc2 Qe3+ 59. Rc3 Qe6+ 60. Rdc4 g2 61. Rg3 {[#]} g1=Q $1 62. Rxg1 Qe3+ 63. Kb4 Qxg1 64. a5 Qe1+ 65. Ka4 Qa1+ 66. Kb4 Qe1+ 67. Ka4 Rb7 {Black is clearly winning.} 68. b6 h4 {[%cal Bh5h4,Bh4h3][%mdl 32]} 69. Kb5 Qe2 70. Nd4 Qd3 71. Kc5 h3 {Precision: White = 38%, Black = 73%.} 0-1

[Event "Top 12 FRA-chT 2017"]
[Site "Chartres"]
[Date "2017.05.27"]
[Round "10"]
[White "Iglesias, Joachim"]
[Black "Marcelin, Cyril"]
[Result "1/2-1/2"]
[WhiteElo "2258"]
[BlackElo "2472"]
[Annotator "TA"]
[PlyCount "80"]
[EventDate "2017.??.??"]
[EventType "team-tourn"]
[EventCountry "FRA"]
[SourceTitle "playchess.com"]
[Source "ChessBase"]
[SourceQuality "1"]
[WhiteTeam "Vandoeuvre"]
[BlackTeam "Saint Quentin"]

{[%evp 9,80,-4,19,25,22,26,23,12,23,24,23,14,26,19,45,14,8,9,9,-43,-43,-55,-31,-29,-23,-41,-34,-40,-31,-18,-14,-71,-81,-80,-82,-151,-170,-142,-137,-204,-208,-191,-137,-140,-140,-140,-135,-130,-136,-143,-125,-120,-113,-158,-154,-148,-20,-18,-4,-79,-65,-77,-81,-80,-71,-52,-57,-86,15,15,15,15,15]} 1. d4 Nf6 2. Nf3 g6 3. Nbd2 c5 4. dxc5 Qa5 5. e4 Bg7 (5... Nxe4 $5 6. c3 Nxd2 7. Bxd2 Qxc5 $14) 6. Nd4 $146 {A48: 1 d4 Nf6 2 Nf3 g6: Torre, London and Colle Systems} ({Predecessor:} 6. Qe2 Qxc5 7. c3 O-O 8. Nb3 Qc7 9. g3 b6 10. Nfd4 Nxe4 11. Nb5 {½-½ (48) Aronian,L (2780)-Grischuk,A (2781) Stavanger 2015}) 6... Qxc5 7. N2b3 Qe5 8. Bd3 $1 {White has an edge.} Nc6 9. f4 Qb8 10. e5 Nd5 {[%cal Bf6d5,Bd5b6,Bb6d7,Bd7e5,Be5g4,Bg4e3][%mdl 32]} 11. Be4 Nb6 12. a4 {With the idea a5.} Nxd4 13. Nxd4 {aiming for a5.} d6 14. e6 (14. exd6 $11 Qxd6 15. c3) 14... fxe6 $15 15. Nf3 Nd7 16. c3 d5 17. Bc2 Qd6 18. O-O e5 19. fxe5 Nxe5 20. Nd4 (20. Nxe5 $11 Bxe5 21. h3) 20... Ng4 $1 $17 {[%csl Gg4][%cal Rd6h2]} 21. Bf4 e5 $36 {[%mdl 2048] Black is in control.} 22. Bg3 {[#]} (22. h3 $142) 22... Ne3 $1 {[%cal Re3d1]} 23. Nb5 {[#]} Qe7 $1 24. Qf3 (24. Qe2 $17 {was called for.} Nxf1 25. Rxf1) 24... Nxf1 $19 ({Don't play} 24... Nxc2 25. Nd6+ Kd7 26. Nxc8 $17) 25. Rxf1 Rf8 (25... Be6 $19 26. Qe3 Rf8 27. Rxf8+ Kxf8 28. Bxe5 Bxe5 29. Qxe5 Bf7) 26. Qxd5 $17 Rxf1+ 27. Kxf1 Qf7+ 28. Qxf7+ Kxf7 29. Bf2 {Hoping for Nc7.} Bd7 30. Nd6+ Kf6 31. Nxb7 Rb8 32. Be4 Bf5 (32... Bf8 $17 33. Bxa7 Ra8) 33. Bd5 $11 Be6 34. Be4 (34. Nc5 $1 $11 Bxd5 35. Nd7+ Ke7 36. Nxb8) 34... Bc8 35. Nd6 Ba6+ 36. Nb5 Bxb5+ 37. axb5 Rxb5 {White must now prevent ...a5.} 38. b4 Rb6 ({Better is} 38... a6 $17) 39. Bxb6 axb6 40. Ke2 Ke6 {Precision: White = 53%, Black = 69%.} 1/2-1/2

[Event "Top 12 FRA-chT 2017"]
[Site "Chartres"]
[Date "2017.05.27"]
[Round "10"]
[White "Bollengier, Andreea"]
[Black "Maisuradze, Nino"]
[Result "1-0"]
[WhiteElo "2234"]
[BlackElo "2260"]
[Annotator "NA"]
[PlyCount "64"]
[EventDate "2017.??.??"]
[EventType "team-tourn"]
[EventCountry "FRA"]
[SourceTitle "playchess.com"]
[Source "ChessBase"]
[SourceQuality "1"]
[WhiteTeam "Nice Alekhine"]
[BlackTeam "Bischwiller"]
[TimeControl "40/5400+30:1800+30"]

1. e4 {[%emt 0:00:00]} c5 {[%emt 0:00:14]} 2. c3 {[%emt 0:00:00]} d5 {[%emt 0:01:07]} 3. exd5 {[%emt 0:00:01]} Qxd5 {[%emt 0:00:02]} 4. d4 {[%emt 0:00:37]} Nf6 {[%emt 0:02:10]} 5. Nf3 {[%emt 0:01:16]} Bg4 {[%emt 0:02:53]} 6. dxc5 {[%emt 0:00:43]} Qxc5 {[%emt 0:00:16]} 7. Na3 {[%emt 0:02:07]} a6 {[%emt 0:03:20]} 8. Be3 {[%emt 0:00:27]} Qc8 {[%emt 0:06:01]} 9. h3 {[%emt 0:00:47]} Bh5 {[%emt 0:05:27]} 10. Nc4 {[%emt 0:09:14]} Nbd7 {[%emt 0:02:36]} 11. g4 {[%emt 0:00:44]} Bg6 {[%emt 0:00:28]} 12. g5 {[%emt 0:10:54]} Ne4 {[%emt 0:05:28]} 13. Nh4 {[%emt 0:20:27]} e6 {[%emt 0:28:12]} 14. Nxg6 {[%emt 0:00:34]} hxg6 {[%emt 0:02:56]} 15. Qd4 {[%emt 0:20:06]} Rh4 {[%emt 0:01:07]} 16. O-O-O {[%emt 0:05:38]} Rb8 {[%emt 0:02:56]} 17. Ne5 {[%emt 0:16:06]} Nxe5 {[%emt 0:08:35]} 18. Qxe5 {[%emt 0:00:01]} b5 {[%emt 0:09:16]} 19. Bf4 {[%emt 0:01:14]} Rxf4 {[%emt 0:09:19]} 20. Qxf4 {[%emt 0:00:11]} Nc5 {[%emt 0:00:25]} 21. Bg2 {[%emt 0:00:21]} Be7 {[%emt 0:02:16]} 22. Kb1 {[%emt 0:00:16]} Rb6 {[%emt 0:02:07]} 23. h4 {[%emt 0:00:18]} f6 {[%emt 0:03:19]} 24. h5 {[%emt 0:01:36]} e5 {[%emt 0:00:37]} 25. Qf3 {[%emt 0:02:16]} fxg5 {[%emt 0:00:45]} 26. hxg6 {[%emt 0:00:08]} Rf6 {[%emt 0:00:12]} 27. Rh8+ {[%emt 0:01:41]} Bf8 {[%emt 0:00:04]} 28. Qd5 {[%emt 0:01:07]} Qc7 {[%emt 0:01:31]} 29. Re1 {[%emt 0:03:18]} e4 {[%emt 0:00:23]} 30. Bxe4 {[%emt 0:00:05]} Re6 {[%emt 0:00:52]} 31. f3 {[%emt 0:00:21]} Nxe4 {[%emt 0:00:35]} 32. Rxe4 {[%emt 0:00:24]} Rxe4 {[%emt 0:00:00]} 1-0